• 首页
  • 本馆介绍
  • 公告通知
  • 最新文献
  • 馆藏检索
  • 电子资源
  • 读者导购
  • 参考咨询
  • 我的图书馆
  • 登录
  • 详细信息显示
  • 放入我的书架
  • 预约/预借图书
  • 作者相关作品
  • 分类相关作品
  • 丛书相关作品
  • 出版社相关作品

书目信息

  • 表格格式
  • 工作单格式
  • 卡片格式
题名:
三十六计全解 二
    
 
作者: 乔赫水 编
分册:  
出版信息: 长春   吉林大学出版社  2009.04
页数: 222页
开本: 23cm
丛书名: 理想藏书系列
单 册:
中图分类: E892.2
科图分类:
主题词: 兵法--bingfa--中国--古代 , 三十六计--sanshiliuji--译文 , 三十六计--sanshiliuji--注释
电子资源:
ISBN: 978-7-5601-4178-7
000 009351094n220028903045
001 012008018906
005 20110523070153.01
010    @a978-7-5601-4178-7@dCNY69.50
100    @a20090803d2009 em y0chiy0121 ea
101 0  @achi
102    @aCN@b220000
105    @aa z 000yy
106    @ar
200 1  @a三十六计全解 二@Asan shi liu ji quan jie er@f乔赫水编
210    @a长春@c吉林大学出版社@d2009.04
215    @a222页@d23cm
225 2  @a理想藏书系列@Alixiangcangshujilie
330    @a本书以《易》演兵、成语概括、战例说明,推演论证了奇正之变、真假之变、虚实之变、进退之变、刚柔之变等诸多谋略。
410  0 @12001 @a理想藏书系列
606 0  @a兵法@Abingfa@y中国@z古代
606 0  @a三十六计@Asanshiliuji@x译文
606 0  @a三十六计@Asanshiliuji@x注释
690    @aE892.2@v4
701  0 @a乔赫水@Aqiao he shui@4编
801  0 @aCN@b书仕Marc@c20110523
905    @aBZT@dE892.2@e1-2
906    @dCNY69.50(278.00?n0@r1
    
    三十六计全解 二/乔赫水编.-长春:吉林大学出版社,2009.04
    222页;23cm.-(理想藏书系列)
    
    
    ISBN 978-7-5601-4178-7:CNY69.50
    本书以《易》演兵、成语概括、战例说明,推演论证了奇正之变、真假之变、虚实之变、进退之变、刚柔之变等诸多谋略。
●
相关链接 在五车中查询图书 在当当中查询图书 在豆瓣中查询图书


正题名:三十六计全解 二     索取号:E892.2/1-2         预约/预借

序号 登录号 条形码 馆藏地/架位号 状态 备注
1 777481   2000777481   中心书库北库/ 北库005架A面1列5层3/ [索取号:E892.2/1-2] 在馆    
2 777482   2000777482   中心书库北库/ 北库005架A面4列6层32/ [索取号:E892.2/1-2] 在馆    
3 777483   2000777483   中心书库北库/ 北库005架A面4列6层37/ [索取号:E892.2/1-2] 在馆    
4 777484   2000777484   中心书库北库/ 北库005架A面4列6层33/ [索取号:E892.2/1-2] 在馆    
5 777485   2000777485   中心书库北库/ 北库005架A面4列6层38/ [索取号:E892.2/1-2] 在馆    
6 777486   2000777486   中心书库北库/ 北库005架A面4列6层36/ [索取号:E892.2/1-2] 在馆    
山东省滨州职业学院图书馆 欢迎您!
大连网信软件有限公司© 版权所有